Cómo analizar los estados contables para el otorgamiento de créditos /

Guardado en:
Autor Principal: Sasso, Hugo Luis.
Formato: Libro
Idioma:Spanish
Publicado: Buenos Aires : Ediciones Macchi, 1997.
Materias:
Etiquetas: Agregar Etiqueta
Sin Etiquetas, Sea el primero en etiquetar este registro!
LEADER 00627nam a22001815a 4500
001 EAD.ead001086
008 071030s1997####ag#######b####000#0#spa#d
005 20210419120548.0
245 1 0 |a Cómo analizar los estados contables para el otorgamiento de créditos /  |c Hugo Luis Sasso. 
260 |a Buenos Aires :  |b Ediciones Macchi,  |c 1997. 
300 |a xxi, 290 p. ;  |c 22 cm. 
504 |a Incluye referencias bibliográficas. 
020 |a 9505373988 
100 1 |a Sasso, Hugo Luis. 
082 0 4 |a 657.3  |2 21 
650 7 |a Estados contables.  |2 isoc 
650 7 |a Crédito.  |2 unbist 
859 |a AR-BaBDC  |b BIB. ADMINISTRACION - Libros  |h 657.3  |i Sa79  |p b05033